000 01711nam0a22003491 4500
001 v19\rc\1900857
005 20260406234314.0
035 _a(NLR Aleph) 004991202
090 _a6287908
_c6287908
100 _a20080404d1911 u y0rusy50 ca
101 0 _arus
102 _aRU
105 _aa z |||||
200 1 _aЛабораторные исследования 1901-1911
_f[Предисл.: С. Франкфурт]
210 _aКиев
_cтип. Р.К. Лубковского
_d1911
215 _aVIII, 233 с.
_cдиагр.
_d26
225 1 _aТруды сети опытных полей Всероссийского общества сахарозаводчиков
_vНенум. вып.
327 0 _aАвт.: С.Л. Франкфурт, А.И. Душечкин, И.А. Новиков, М.А. Егоров, А.К. Филипповский
464 0 _1701#1$aФранкфурт$bС.Л.$gСоломон Львович
_1701#1$aДушечкин$bА.И.
_1701#1$aНовиков$bИ.А.
_1701#1$aЕгоров$bМ.А.
_1701#1$aФилипповский$bА.К.
532 1 1 _aЛабораторные исследования тысяча девятьсот первого - 1911
702 1 _aФранкфурт
_bС.Л.
_gСоломон Львович
_4080
712 0 2 _aВсероссийское о-во сахарозаводчиков
_cКиев
_bСеть опытных полей
_3RU\NLR\AUTH\889987824
_9471284
801 0 _aRU
_bNLR
_gpsbo
801 0 _aRU
_bRuMoRGB
_2psbo
801 1 _aRU
_bProSoft-M
_2rusmarc
852 _aNLR
_j37.30.2.58
899 _aRuMoRGB
_jA 288/9
899 _aRuMoRGB
_jФ 1-75/11427
899 _aНБ СПбГУ
899 _aНБ МГУ
942 _cBOOK
980 _aNB